000 00498nam a2200217Ia 4500
003 OSt
005 20220924145526.0
006 a|||||r|||| 00| 0
007 ta
008 TEL
024 _a329103
037 _cTextual
040 _aARTS
_cARTS
_bTEL
041 _2TEL
_aTEL
082 _a0111,3M76,3, 335J4
245 0 _aJack London Iron heel
260 _c1954
650 _aENGLISH LITERATURE
942 _h0111,3M76,3, 335J4
_cTEXL
_2CC
999 _c460352
_d460352